00505cam a22001217a 4500008004000000082001500040100002200055245017900077260003300256300000900289650005500298650003000353180718b1957 xxu||||| |||| 00| 0 eng d aF5x47 W832 aWolfe, Bertram D. aKhrushchev and Stalin's ghost: text, background, and meaning of Khrushchev's secret report to the Twentieth Congress on the night of February 24-25, 1956cby Bertram D. Wolfe aLondonbAtlantic Pressc1957 a322p aSoviet Union --Politics and government --1936-1953 aStalin, Joseph, 1879-1953